000097623 001__ 97623
000097623 005__ 20210118122852.0
000097623 037__ $$aTAZ-TFM-2020-795
000097623 041__ $$aspa
000097623 1001_ $$aRubio Parias, Jordi
000097623 24200 $$aHominid paleodietary reconstruction from stable isotope analysis.
000097623 24500 $$aReconstrucción de paleodietas homínidas a partir de análisis de isótopos estables.
000097623 260__ $$aZaragoza$$bUniversidad de Zaragoza$$c2020
000097623 506__ $$aby-nc-sa$$bCreative Commons$$c3.0$$uhttp://creativecommons.org/licenses/by-nc-sa/3.0/
000097623 520__ $$aEn este trabajo realizamos una aproximación a los datos publicados hasta la fecha sobre la alimentación de las especies más importantes de homínidos del Plio-Pleistoceno. Para ello, nos centraremos principalmente en los análisis isotópicos, utilizados en la reconstrucción paleodietaria desde la década de los 70. El estudio de las paleodietas homínidas a partir de técnicas de análisis como los análisis de isótopos estables destruye viejos paradigmas. No obstante, los resultados que nos ofrecen estos estudios son a menudo difíciles de interpretar, además, la información que nos aportan es en ocasiones contradictoria con los datos obtenidos tanto a través de otras técnicas analíticas, como de las evidencias de carácter secundario que nos ofrece el registro fósil. En este trabajo sometemos a debate todas estas informaciones en las especies seleccionadas, ofreciendo un discurso crítico acerca de nuestro conocimiento de la alimentación de nuestros ancestros.<br /><br />
000097623 521__ $$aMáster Universitario en Mundo Antiguo y Patrimonio Arqueológico
000097623 540__ $$aDerechos regulados por licencia Creative Commons
000097623 700__ $$aMazo Pérez, Carlos$$edir.
000097623 700__ $$aAlcolea Gracia, Marta$$edir.
000097623 7102_ $$aUniversidad de Zaragoza$$bCiencias de la Antigüedad$$c
000097623 8560_ $$f718603@unizar.es
000097623 8564_ $$s1548104$$uhttps://zaguan.unizar.es/record/97623/files/TAZ-TFM-2020-795.pdf$$yMemoria (spa)
000097623 909CO $$ooai:zaguan.unizar.es:97623$$pdriver$$ptrabajos-fin-master
000097623 950__ $$a
000097623 951__ $$adeposita:2021-01-18
000097623 980__ $$aTAZ$$bTFM$$cFFYL
000097623 999__ $$a20200823232039.CREATION_DATE